Statistics for Christmas Songs - In Other Words

Click here to take the quiz!

General Stats

  • This quiz has been taken 1,099 times
  • The average score is 10 of 15

Answer Stats

HintAnswer% Correct
This evening has no sound.Silent Night
89%
This deer of the tundra has a Germanic name and a rosy honker.Rudolph the Red-Nosed Reindeer
88%
The dozen twenty-four hour periods beginning on the holiday.The Twelve Days of Christmas
85%
I sing unto you, you woody perennial plant of the season!O Christmas Tree
83%
The trio of us are royalty from eastern Asia.We Three Kings of Orient Are
78%
I, and those with me express a strong desire that your holiday be cheerful and lively.We Wish You a Merry Christmas
71%
Pleasure and happiness to all of the earth's countries, peoples, and natural features.Joy to the World
68%
I sing unto you, small urban area on the West Bank.O Little Town of Bethlehem
66%
I spied a trio of sea-going vessels.I Saw Three Ships
59%
Can anyone tell me whose kid this is?What Child is This?
57%
It arrived at 12 o'clock when there were no clouds in the sky.It Came Upon the Midnight Clear
57%
I command you to proclaim this from a large, steep hill.Go Tell It On the Mountain
49%
The musical devices are enclosed, rather than having a fixed clapper.Jingle Bells
45%
Please move toward the specified place, those of you who believe.O Come All Ye Faithful
44%
I command that your yuletide be not only festive, but small as well.Have Yourself a Merry Little Christmas
40%

Score Distribution

Percentile by Number Answered

Percent of People with Each Score

Your Score History

You have not taken this quiz